Φιλοσοφική ανθρωπολογία στο Βυζάντιο

Αποθηκεύτηκε σε:
Λεπτομέρειες βιβλιογραφικής εγγραφής
Κύριος συγγραφέας: Τερέζης, Χρήστος Αθ
Μορφή: Βιβλίο
Γλώσσα:Greek
Δημοσίευση: Αθήνα : Ελληνικά Γράμματα, 1997
Έκδοση:3η έκδ.
Σειρά:Θρησκειολογία ; ; 1
Θέματα:
Ετικέτες: Προσθήκη ετικέτας
Δεν υπάρχουν, Καταχωρήστε ετικέτα πρώτοι!

MARC

LEADER 00000cam a2200000 i 4500
001 1/13397
008 980316s1997 gre d
020 |a 960-7019-75-x 
035 |l 10019026 
040 |a GR-MY-UA  |b    |e aacr 
041 0 |a gre 
082 0 |a 189 
100 1 |a Τερέζης, Χρήστος Αθ. 
245 1 0 |a Φιλοσοφική ανθρωπολογία στο Βυζάντιο /  |c Χ. Τερέζης 
250 |a 3η έκδ. 
260 |a Αθήνα :   |b Ελληνικά Γράμματα,   |c 1997 
300 |a 269 σ. 
490 1 |a Θρησκειολογία  |v ; 1 
650 0 0 |a Philosophy  |z Byzantine Empire. 
830 0 |a Θρησκειολογία ;  |v ; 1 
852 |a INST  |b LESVOS  |e 19980316  |h 189 ΤΕΡ  |p 005100014789  |q 005100014789  |t BK  |y 0 
901 |a BIBL-1998-2 
909 |a Λ  |b 054140 
922 |a 1ΕΛΗ  |b 199802  |c ΚΠΣ/ΤΚΑ  |d EMVASIS 
950 |a 117-1998-01-28